Sports Quiz

Random Sports or Olympics Quiz

Michael Phelps Gold Medals Quiz Stats

 Plays Quiz Updated May 18, 2012

Score 0/8 Timer 02:00
0 Plays Today
Time Race % Correct
50.58100 m butterfly
82.6%
01:52.0200 m butterfly
76.1%
01:43.0200 m freestyle
70.9%
01:54.2200 m individual medley
47.8%
04:03.8400 m individual medley
43.8%
03:29.34 x 100 m medley relay
28.3%
03:08.24 x 100 m freestyle relay
26.7%
06:58.64 x 200 m freestyle relay
21.2%

You're not logged in!

Compare scores with friends on all Sporcle quizzes.
OR
Log In

Sporcle TV

Today on Sporcle TV


Watch our educational content, quiz creation guides, and fun videos on Sporcle TV.

Show Comments

Extras

Top Quizzes Today


Score Distribution

Your Account Isn't Verified!

In order to create a playlist on Sporcle, you need to verify the email address you used during registration. Go to your Sporcle Settings to finish the process.

Report this User

Report this user for behavior that violates our Community Guidelines.

Details: